[Event "EU-chT (Men) 13th"]
[Site "Leon"]
[Date "2001.11.08"]
[Round "3.4"]
[White "Van den Doel, Erik"]
[Black "Kovacevic, Aleksandar"]
[Result "1-0"]
[WhiteElo "2583"]
[BlackElo "2553"]
[Annotator "Bangiev,A"]
[PlyCount "107"]
[EventDate "2001.11.06"]
[EventType "team-swiss"]
[EventRounds "9"]
[EventCountry "ESP"]
[SourceTitle "CBM 086"]
[Source "ChessBase"]
[SourceDate "2002.02.05"]
[SourceVersion "1"]
[SourceVersionDate "2002.02.05"]
[SourceQuality "1"]
[WhiteTeam "Netherlands"]
[BlackTeam "Yugoslavia"]
[WhiteTeamCountry "NED"]
[BlackTeamCountry "YUG"]

1. e4 {Hecht} e5 2. Nf3 d6 3. d4 exd4 4. Nxd4 Nf6 5. Nc3 Be7 6. Bf4 O-O 7. Qd2
d5 8. exd5 (8. Ndb5) 8... Nxd5 9. Nxd5 Qxd5 10. Nb5 {Die kritische
Eröffnungsstellung für Schwarz.} Qe4+ (10... Re8 {Dieser überraschende Zug
wurde in ein paar Partien ausprobiert.} 11. Be2 Qxg2 12. O-O-O Na6 {Schwarz
hat im Vergleich mit der Stellung in der Hauptvariante den Turm auf e8; es ist
schwer abzuschätzen, ob dies ein Vor- oder Nachteil ist.}) 11. Be2 Na6 (11...
Qxg2 $5 {Dies ist die prinzipielle Fortsetzung, sozusagen die Hauptvariante.}
12. O-O-O {Weiß steht klar deutlich aktiver, die schwarze Stellung bleibt
jedoch stabil.} Na6 13. Rhg1 Qxf2 14. Bh6 g6 15. Bxf8 Bxf8 $13) 12. O-O {
Weiß steht nun dank seines Entwicklungsvorsprungs wesentlich besser.} c6 (12...
Rd8 13. Bd3 Qc6 14. Qe3 Re8 15. Rfe1 Bd7 16. Qg3 Bf6 17. c3 Rxe1+ 18. Rxe1 Qd5
19. c4 Qc5 20. Nc3 Bxc3 21. bxc3 Re8 22. Rxe8+ Bxe8 23. Be5 Qf8 24. Qh3 g6 25.
Qh4 f5 26. c5 Nxc5 27. Bc4+ Bf7 28. Bxf7+ Kxf7 29. Qxh7+ {1-0 Kirilov,
V-Darzniek/USSR 1972/(29)}) 13. Nd6 {Weiß strebt danach, mit dem Läuferpaar
seinen Eröffnungsvorteil zu sichern.} (13. Nc3 Qg6 14. Bd3 Bf5 $132) (13. Bd3
Qd5 (13... Qb4 14. c3 Qc5 15. Be3 Qd5 16. Nxa7 Bf5 17. Bxa6 $16) 14. Nc3 Qd8
15. Rad1) 13... Bxd6 14. Qxd6 {Es droht 15.Bd3} Qxc2 $5 {Sehr mutig. Schwarz
geht bewusst ein Risiko ein.} (14... Nc5 15. Bf3 Qf5) 15. Bd3 Qc5 {Es ist
beerkensert, dass die schwarze Dame in dieser Variante als die einzige aktive
Figur des Nachziehenden vieles zu erledigen hat.} 16. Bxa6 Qxd6 17. Bxd6 Rd8
18. Bc7 Rd7 19. Rfe1 {Die Stellung, die Schwarz offenbar angestrebt hatte. Was
nun, 19...g6 oder 19...h6? In beiden Fällen bereitet die schwache 8. Reihe ihm
große Probleme.} g6 (19... h6 20. Re8+ Kh7 21. Be2 Rxc7 22. Rd1 {/\ Rdd8}) 20.
Re8+ Kg7 21. Bf1 {Weiß hatte hier eine Vielzahl von attraktiven Möglichkeiten:}
(21. Be5+ f6 22. Bc4 fxe5 23. Be6 Rc7 (23... Rd2 24. Rg8+ Kf6 25. Bxc8 Rxb2 26.
Rd8 c5 27. a4 $16) 24. Rd1 b6 25. Rdd8 Bxe6 26. Rxa8 Rd7 27. Rad8 $16) (21. Be2
$5 Rxc7 22. Rd1 b6 23. Rdd8 a5 24. g4 (24. Bg4 f5) (24. h4 h5) 24... h6 (24...
a4 25. g5 $18) (24... f6 25. Rg8+ Kh6 26. f4) 25. h4 f6 (25... g5 26. h5 $16)
26. Rg8+ Kh7 27. Rh8+ Kg7 28. Rdg8+ Kf7 29. Bc4+ Ke7 30. Rg7+ Kd6 31. Rd8+ $18)
21... Rxc7 22. Rd1 (22. h3 b6 {/\Bb7}) 22... Bg4 $1 23. Rxa8 Bxd1 24. Rxa7 Bg4
25. a4 {[%mdl 4096] Ein sehr interessantes Endspiel, das eigentlich klar remis
ist - Schwarz muss kräftig mithelfen, ehe Weiß zum vollen Punkt kommt.} Rd7 26.
f3 Be6 27. b4 Kf6 28. Kf2 Ke5 29. Ke3 Kd6 30. Ra8 Kc7 31. Bd3 Re7 32. Kd2 Bc8
33. Ra5 Kd6 34. f4 f6 35. h4 Rg7 36. Be2 h6 37. Ra8 Kc7 38. a5 g5 39. fxg5 fxg5
40. a6 $5 (40. hxg5 Rxg5) 40... Rd7+ (40... bxa6 41. Ra7+ (41. Bxa6 Bxa6 42.
Rxa6 Kb7 $17) 41... Bb7 42. Bxa6 Kb8 43. Rxb7+ Rxb7 44. Bxb7 Kxb7 45. hxg5 hxg5
46. Kd3 Ka6 47. Kc4 Kb6 $11 {mußte hier ein Remis sein, z.B.} 48. g4 Kb7 49.
Kd4 (49. Kc5 Kc7 50. Kd4 Kd6 51. Kc4 Kc7) 49... Kb6 50. Ke5 Kb5 $11) 41. Kc3
bxa6 42. hxg5 hxg5 43. Bxa6 Bxa6 44. Rxa6 {Hecht: '[#] Vorschlag für bessere
schwarze Verteidigung '} Rd1 (44... Rd5 45. Ra5 {Hecht: 'Idee: entfernter
Freibauer'} Kd6 46. Kc4 $16 Ke5 $2 47. Rxd5+ cxd5+ 48. Kd3 g4 49. g3 Kd6 50.
Kd4 Kc6 51. b5+ Kxb5 52. Kxd5 Kb6 53. Ke5 Kc6 54. Kf5 Kd6 55. Kxg4 Ke6 56. Kg5
$18) 45. Ra5 {Weiß gewinnt nun den Bauern g5.} Rc1+ 46. Kb3 Rb1+ 47. Ka3 g4 {
Hecht: 'Und hier mein Vorschlag, der auf einer Sperre gegen den weißen König
beruht.'} (47... Ra1+ $142 {Hecht} 48. Kb2 Re1 (48... Rxa5 $2 {Hecht} 49. bxa5
$18) 49. Rxg5 Re3 $1 50. Kc2 Kb6 {mit horizontaler Sperre, z.B.} 51. Kd2 (51.
g4 {Hecht} Rg3 $11) 51... Rb3 52. Rg4 Kb5 $11) 48. Rg5 Kb6 49. Rxg4 c5 $2 {
Hecht: 'Und hier ein weiterer Vorschlag'} (49... Rd1 $142 {Hecht} 50. Kb3 c5
51. Rg6+ Kb5 52. Rg5 Rb1+ $11) 50. Rc4 $1 $18 {Ein überragender Zug, der
überraschenderweise sofort gewinnt.} Ra1+ (50... cxb4+ {Hecht} 51. Rxb4+ Rxb4
52. Kxb4 $18) 51. Kb2 Kb5 52. Rc2 Ra6 53. bxc5 Rc6 54. Kb3 1-0

[Event "Paris Grand Prix du Senat 2nd"]
[Site "Paris"]
[Date "2001.04.06"]
[Round "2.4"]
[White "Spassky, Boris Vasilievich"]
[Black "Fressinet, Laurent"]
[Result "1/2-1/2"]
[WhiteElo "2551"]
[BlackElo "2575"]
[Annotator "Bangiev,A"]
[PlyCount "50"]
[EventDate "2001.05.05"]
[EventType "k.o."]
[EventRounds "2"]
[EventCountry "FRA"]
[SourceTitle "CBM 083"]
[Source "ChessBase"]
[SourceDate "2001.07.05"]
[SourceVersion "1"]
[SourceVersionDate "2001.07.05"]
[SourceQuality "1"]

1. e4 e5 2. Nf3 d6 3. d4 exd4 4. Nxd4 Nf6 5. Nc3 Be7 6. g3 d5 7. e5 Ng4 8. f4 {
Es ist interessant anzumerken, dass der offensichtliche Partiezug mit der
Absicht den Bauern e5 zu schützen, hier eine Neuerung darstellt.} (8. Bg2 Nxe5
9. Nxd5 Bg4 10. Qd2 c5 $5 11. Nb5 $1 $13) (8. e6 {Dieser aktive Vorstoß wurde
am häufigsten gespielt.} Nf6 9. exf7+ (9. Bh3 O-O 10. O-O Nc6 11. exf7+ Kxf7
12. Bg2 Nxd4 13. Qxd4 c6 14. Qd3 Kg8 {1/2-1/2 Kotronias,V-Kuzmin,G/Agios
Nikolaos 1995/EXT 98 (14)}) 9... Kxf7 10. Bg2 c6 11. O-O Re8 12. Nce2 Nbd7 13.
b3 Ne5 14. Bb2 Bc5 15. h3 Qb6 16. Nf4 Kg8 17. c3 Bd7 18. Qc2 Nf7 19. Rae1 Ng5
20. Bc1 Bd6 21. Nxd5 Nxh3+ 22. Bxh3 cxd5 23. Bxd7 Nxd7 24. Nf5 Bf8 25. Be3 {
1/2-1/2 Khalifman,A-Kuzmin,G/Lvov 1990/CBM 18 (25)}) (8. Bf4 O-O 9. h3 Nxe5 10.
Bxe5 Re8 11. Be2 Bb4 12. Bf4 c5 13. Ndb5 d4 14. O-O Bxh3 15. Na4 Nc6 16. Nd6
Rxe2 17. Qxe2 c4 18. Qh5 Bxf1 19. Qxf7+ Kh8 20. Nxb7 {1-0 Smirin,I-Kuzmin,G/
Lvov 1990/CBM 18 (20)}) 8... c5 $5 {Schwarz reagiert sofort und greift den
schwachen Punkt d4 energisch an.} (8... O-O 9. Bd3 $5 c5 10. Nf5 Bxf5 11. Bxf5
Nh6 12. Bh3 $14) 9. Nf3 d4 10. Ne2 (10. Ne4 Qa5+ (10... f5 11. exf6 Nxf6 12.
Nxf6+ Bxf6 13. Bc4 $14) 11. Qd2 (11. Bd2 $6 Qb6 $36) (11. c3 Bf5 $36) 11... Qb6
$132) 10... f5 (10... Qa5+ 11. c3 Nc6 12. h3 $14) 11. h3 Nh6 12. Bg2 O-O 13.
O-O Nc6 14. b3 {Weiß bereitet den Angriff auf den Punkt d4 vor.} (14. c3 $5)
14... Be6 15. Bb2 Qd7 16. Qd2 Rad8 17. Rad1 Qc7 18. c4 (18. c3 {Dies wäre
aktiver und konsequenter, aber wegen der Schwäche auf d3 auch risikoreicher.}
d3 $1 19. Nc1 b5 20. Nxd3 c4 21. Nd4 Nxd4 22. cxd4 cxd3 $17 {Dank der sicheren
Kontrolle über das Feld d5 steht Schwarz besser.}) 18... a6 $5 {Schwarz
bereitet den Vorstoß b5 vor. Sonst (beim passiven Spiel) könnte Weiß seinen
Figuren gegen den Bauern c5 nach etwa Nc1-d3, Rc1 usw. umgruppieren.} (18... d3
$2 19. Nc1) 19. Qc1 Rc8 20. Nd2 b5 21. a3 {/\Qc2} (21. Qc2 Nb4) 21... Na5 22.
Qc2 Rfd8 23. Nc1 Rb8 24. Nd3 {Es dem Weißen gelungen, das Feld d3 zu
blockieren, die Schwäche auf b3 verhindert aber jede Aktivität.} Nf7 25. Rb1
bxc4 1/2-1/2

[Event "Bundesliga 0001"]
[Site "Germany"]
[Date "2001.03.10"]
[Round "10.3"]
[White "Berg, Emanuel"]
[Black "Beim, Valery"]
[Result "0-1"]
[WhiteElo "2456"]
[BlackElo "2528"]
[Annotator "Bangiev,A"]
[PlyCount "118"]
[EventDate "2000.10.14"]
[EventType "team-tourn"]
[EventRounds "15"]
[EventCountry "GER"]
[SourceTitle "CBM 082"]
[Source "ChessBase"]
[SourceDate "2001.05.17"]
[SourceVersion "1"]
[SourceVersionDate "2001.05.17"]
[SourceQuality "1"]
[WhiteTeam "Baiertal/Schatthausen"]
[BlackTeam "Tegernsee"]
[WhiteTeamCountry "GER"]
[BlackTeamCountry "GER"]

1. e4 d6 2. d4 Nf6 3. Nc3 e5 4. Nf3 Nbd7 5. Bc4 Be7 6. h3 O-O 7. O-O c6 8. a4
Qc7 9. Bb3 (9. d5 Nc5 10. Re1 a5) 9... b6 10. Bg5 Bb7 11. Nh4 g6 12. dxe5 (12.
f4 exd4 $1 13. Qxd4 d5 $16 14. Kh1 (14. e5 Bc5) 14... c5) 12... dxe5 13. Qf3
Kg7 14. Qe3 Ng8 15. Bxe7 Nxe7 16. Bc4 (16. f4 $5 exf4 17. Rxf4 f6 (17... Ne5
18. Nf3 $1 f6 (18... Rad8 19. Ng5 $16) 19. Nd4 Bc8 20. Raf1 $16) 18. Raf1 (18.
Nf3 Rad8 19. Nd4 Nc5) 18... Ba6 19. R1f2 Rad8 $132) (16. Rad1) 16... Rad8 17.
Ne2 (17. Rad1 $142) 17... Qd6 $1 18. Nf3 Qc5 $1 {[%mdl 32] Der Damenabtausch
ist hier zu Gunsten des Nachziehenden.} 19. Qxc5 Nxc5 20. Nc3 (20. Nxe5 Nxe4
21. Rfd1 $11) 20... f6 21. b4 $5 (21. Rfd1 a5 $1 22. b3 Nc8 $36 {/\Nd6 -> e4})
21... Na6 22. Rfb1 (22. Bxa6 Bxa6 23. Rfd1 Kf7 24. a5 Bc4 $15) 22... Nc8 $1 {
[%cal Ya7d4][%mdl 32] Schwarz muss hier die Felder a7 bzw. b6 unterstützen.}
23. b5 (23. a5 b5 24. Ba2 Rd6 $15 {man beachte die Bauernschwäche auf b4.})
23... cxb5 24. axb5 Nc5 25. Bd5 Bxd5 $1 26. exd5 Rf7 $1 {/\Rc7} 27. g4 h6 $1 (
27... Rc7 28. g5 $5) 28. h4 g5 $1 (28... Nd6 29. g5) 29. hxg5 hxg5 30. Nd2 Rc7
31. Nf1 Nb7 $5 {/\Rc3; /\Na5} 32. Ne4 (32. Ra3 Na5 33. Ne3 Nd6 $15) 32... Rxd5
33. Ne3 Rdd7 34. Kg2 Kg6 35. Rh1 Nbd6 $17 36. Ng3 Rh7 (36... Nxb5 37. Ngf5 a5
38. Rh8 Nd4 39. Rah1 $44) 37. Ngf5 (37. Rxh7 Rxh7 (37... Kxh7 38. Rh1+ Kg6 39.
Ngf5 Nxf5 40. Nxf5 $132) 38. c4 Kf7 39. Kf3 Ke6 $17) 37... Nxb5 $19 38. Rxh7
Rxh7 39. Rd1 Nd4 (39... a5 40. Rd8 Ne7 41. Rb8 $132) 40. c3 (40. Nxd4 exd4 41.
Rxd4 a5 42. Nf5 Ra7 43. Rd8 Ne7 $19) 40... Ne6 41. Kf3 a5 42. Ke4 Nc5+ 43. Kd5
Rd7+ 44. Kc6 Rxd1 45. Nxd1 a4 46. Kc7 a3 47. Nfe3 a2 48. Nc2 Ne7 49. Na1 (49.
Kxb6 Nb3) 49... Na4 50. Kd6 Kf7 51. c4 e4 52. Kd7 f5 53. gxf5 Nxf5 54. Kc6 g4
55. Kb5 e3 56. Nxe3 Nxe3 57. Kxa4 Nd1 58. c5 bxc5 59. f3 g3 0-1

[Event "DEN-ch"]
[Site "Nyborg"]
[Date "2001.04.15"]
[Round "9"]
[White "Mortensen, Erling"]
[Black "Boe Olsen, Mads"]
[Result "1-0"]
[WhiteElo "2438"]
[BlackElo "2389"]
[Annotator "Bangiev,A"]
[PlyCount "85"]
[EventDate "2001.04.07"]
[EventType "tourn"]
[EventRounds "9"]
[EventCountry "DEN"]
[EventCategory "8"]
[SourceTitle "CBM 083"]
[Source "ChessBase"]
[SourceDate "2001.07.05"]
[SourceVersion "1"]
[SourceVersionDate "2001.07.05"]
[SourceQuality "1"]

1. e4 {Huzman} d6 2. d4 Nf6 3. Nc3 e5 4. Nf3 (4. dxe5 dxe5 5. Qxd8+ Kxd8 6. Bg5
$14) 4... Nbd7 5. Bc4 Be7 6. O-O O-O 7. Re1 c6 8. a4 Qc7 9. b3 b6 10. d5 {
'!' Huzman.} (10. Bb2 a6 11. Bd3 Bb7 12. Ne2 Rfe8 13. Ng3 Bf8 14. c3 g6 15. Qc2
Bg7 16. Rad1 Rad8 17. dxe5 Nxe5 18. Nxe5 {1/2-1/2 Luther,T-Cifuentes Parada,R/
Olot op 1994/EXT 97}) 10... Bb7 (10... cxd5 11. Bxd5 Bb7 12. Nb5 Qb8 13. Bxb7
Qxb7 14. Bg5 Rfe8 {1-0 Morozevich,A-Tischbierek,R/Germany 2000/CBM 76/(36)})
11. dxc6 Bxc6 {Huzman: 'This pawn structure is typical for Sicilian defence
and that`s why White are executing the same plan as there ' Auf den ersten
Blick scheint es sich um eine Stellung aus der Sizilianischen Verteidigung zu
handeln.} 12. Bg5 {Dies stellt eine bekannte Idee dar. Weiß beabsichtigt damit,
die Kontrolle über das Feld d5 für sich zu sichern.} Rac8 $6 {Der Turm auf a8
stand gar nicht schlecht und konnte einen wichtigen Plan unterstützen, nämlich
mittels a6, Qb7, Rfb8 mit dem Ziel den Vorstoß b6-b5 vorzubereiten.} (12... h6
13. Bxf6 Nxf6 14. Nd5 Bxd5 15. Bxd5 (15. exd5 a6 {/\Rfb8 gefolgt von b5}) 15...
Nxd5 16. Qxd5 Qc3 $5 $132 (16... Qxc2 17. Rac1)) (12... a6 $5 13. Nd5 (13. Qe2
Qb7) 13... Bxd5 14. Bxf6 Nxf6 15. Bxd5 Rab8 16. c4 Rfc8 17. Qd2 Qd7 18. Rad1
Rc5 $132) (12... Rfc8 13. Ba6) (12... Qb7 13. Bb5 $1) 13. Ra2 {'!' Huzman.
Dies sollte eigentlich das Manöver Nd5 ermöglichen, doch steht der Turm auf a2
etwas merkwürdig.} (13. Nh4 $5 {Dies könnte eine Alternative sein.} h6 14. Nf5
Rfe8 15. Bh4 Bf8 16. Qd2 $14) (13. Nd5 Bxd5) 13... Nc5 (13... h6 14. Bxf6 Nxf6
15. Nd5 Nxd5 16. Bxd5 $14) (13... Qb7 14. Qe2 $14) (13... Bb7 $5 {[%cal Ya7a6]
Huzman} 14. Nh4 (14. Nb5 {Huzman} Qb8) 14... g6 15. Qf3 {/\16.Bh6 Re8 17.Nf5}
Rfe8 16. Rd1 a6 17. g3 $5 $36 {[%cal Gh4g2,Gg2e3]}) 14. Bxf6 $1 Bxf6 15. Bd5 {
'!' Huzman.} Bd7 16. Nb5 {'!' Huzman.} Bxb5 $6 {Die Öffnung der a-Linie ist
eine falsche Entscheidung. Nun kommt der Turm a2 auf der offenen a-Linie
wirkungsvoll ins Spiel.} (16... Qb8 $5 17. Nxd6 (17. c4 $5 {Huzman}) 17... Rcd8
$132 18. Nc4 (18. c4 $1 {Huzman} Be6 19. Nb5 $16) 18... Be6 {Huzman: '/\19...
Ne4'} 19. Qe2 Bxd5 20. exd5 Rxd5 $13 21. Nfxe5 Re8 22. f4 Ne6 (22... Nd7 {
Huzman} 23. Qf3 Bxe5 (23... Nxe5 {Huzman} 24. fxe5 Rd7 25. Raa1 Rde7 26. Nd6
$16) 24. Qxd5 (24. fxe5 {Huzman} Rc5 25. e6 fxe6 26. c3 Ne5 $11) 24... Bd4+ 25.
Qxd4 Rxe1+ 26. Kf2 Qe8 27. Ne3 Rh1 28. a5 $1 $16) 23. g3 Qc7 $44) 17. axb5 $16
Qe7 {'!' Huzman.} {Weiß steht dank seiner Vorposten auf den weißen Feldern
klar besser. Der Springer f3 soll allerdings noch aktiver ins Spiel eingreifen.
Die Frage ist nur, wo soll er hin?} 18. Nd2 {'!' Huzman.} (18. Qd2 h6 (18...
Ne6 {Huzman} 19. Rea1 Rc7 {[%cal Ye6f4,Ye6d4]}) 19. Rea1 Rc7 $14) (18. g3 {
Huzman} Ne6 19. c4 Ng5 20. Nd2 Ne6) (18. c3 $5 {Huzman} Ne6 19. Qa1 Rc7 20. g3
Rfc8 21. Bc4 Nc5 22. Rd2 $16) 18... Bg5 19. Nb1 $6 {Weiß verfolgt damit das
Ziel, den Springer auf d5 postieren zu können.} (19. Nc4 $1 Rfd8 (19... Rc7 20.
Nxd6 $1) 20. g3 Rc7 21. Qg4 Bh6 22. Rea1 {mit Druckspiel.}) 19... Kh8 20. Bc6 (
20. c4 Bf4) 20... a5 $1 {Dies löst die Bauernschwäche auf a7 auf.} (20... f5 {
Huzman} 21. exf5 Rxf5 22. c4 Rf4 (22... Rcf8 {Huzman} 23. Nc3 $16) 23. Nc3 Rd4
24. Qxd4 exd4 25. Rxe7 Bxe7 26. Nd5 Bg5 27. b4 $16) 21. Nc3 Qe6 (21... f5 {
Huzman} 22. Nd5 Qd8 23. exf5 Rxf5 24. c3 $16) 22. Nd5 Rb8 {Die schwarze
Stellung bleibt trotz des starken Springers auf d5 stabil.} 23. b4 axb4 24.
Nxb4 Qc4 $1 (24... f5 {Huzman} 25. Bd5 Qg6 26. exf5 Rxf5 27. c4 $14) 25. Rb2 f5
$1 $132 26. exf5 Rxf5 27. Nd5 Qh4 28. g3 (28. c3 Rbf8) 28... Qh3 29. Re2 {
'!' Huzman.} e4 $5 (29... Bh6 $2 {/\Rh5} 30. Nxb6 $1 Rxb6 31. Qxd6 $18) (29...
Qg4 {Huzman} 30. Rb4 e4 31. Nc3 d5 32. Nxd5 Rd8 33. Rd4 $16) (29... Qh5 $5 {
Huzman} 30. Rb1 $14) 30. Ra2 {/\Nc3} (30. Nc3 $2 Bf6) (30. Nxb6 Bf4 $1 {
/\Rh5 sowie /\e3} (30... Rxb6 31. Qxd6) 31. Nc4 (31. gxf4 Qg4+ 32. Kf1 Qh3+ 33.
Kg1 Qg4+ $11) 31... Rh5 32. f3 Bxg3 $1 $40) 30... h5 $2 (30... Rbf8 $5 31. Ra7
(31. Nc3 Be3 $1) (31. Nxb6 Be3 $1) (31. Ra8 {Huzman} Rxa8 32. Bxa8 {[%csl Rb6]}
) 31... Bh6 {/\Rh5} (31... Rf3 32. Qa1) (31... e3 $2 32. f4) 32. Qf1 Qg4 $132)
31. Nc3 $1 $16 {[%cal Rc3e4,Rd1d6] '!' Huzman. Nun bricht die schwarze
Stellung zusammen.} d5 32. Bxd5 Bf6 (32... Rd8 {Huzman} 33. Ra8 Rxa8 34. Bxa8
$18) 33. Nxe4 Nxe4 34. Rxe4 $18 Rd8 35. c4 {'+-' Huzman.} Rfxd5 36. cxd5 Qf5
37. Qe2 Rxd5 38. Re8+ Kh7 39. Raa8 Bd4 40. Rh8+ Kg6 41. Qe8+ Qf7 42. Qxf7+ Kxf7
43. Rad8 1-0